CHP enerji politikası (Record no. 7801)

MARC details
000 -BAŞLIK
Sabit Uzunlukta Kontrol Alanı 00992na a2200325 4500
001 - KONTROL NUMARASI
Denetim Alanı 20800
003 - KONTROL NUMARASI IDENTIFIER
Denetim Alanı MIRAKIL
005 - SON İŞLEM TARİHİ VE ZAMANI
Denetim Alanı 20181213155149.0
008 - SABİT-BOY VERİ ELEMANLARI - GENEL BİLGİLER
Sabit Uzunlukta Kontrol Alanı 170127b tu 000 0
035 ## - SİSTEM KONTROL NUMARASI
Sistem Kontrol Numarası 20800
040 ## - KATALOGLAMA KAYNAK
Orijinal Kataloglama Ajansı Milas
Kataloglama Dili tur
Metne Dönüştürmek Ajansı TR-AnCHP
041 ## - DİL KODU
Metin / Ses Parça Veya Ayrı Başlığın Dil Kodu tur
082 ## - DEWEY ONLU SINIFLANDIRMA NUMARASI
Sınıflandırma Numarası CHP 333.79
Ürün Numarası C36c 2014
090 ## - SINIFLAMA NUMARASI
Sınıflama Numarası CHP 333.79 C36c 2014
110 ## - ANA GİRİŞ - KURUMSAL ADI
Giriş Elemanı Olarak Kurumsal Ad Veya Yargı Alanı Adı Cumhuriyet Halk Partisi (CHP)
Alt Birim Enerji Komisyonu
245 ## - BAŞLIK TABLOSU
Başlık CHP enerji politikası
Sorumluluk Tablosu, Vb CHP Enerji Komisyonu
260 ## - YAYIN, DAĞITIM, VB
Yayın, Dağıtım, Vb Yeri Ankara
Yayıncı, Dağıtıcı, Vs Adı CHP Enerji Komşsyonu
Yayın, Dağıtım, Vb Tarihi 2014
300 ## - FİZİKSEL TANIM
Kapsam 66 s.
Boyutlar 21 sm.
440 ## - SERİSİ TABLOSU / KATMA GİRİŞİ - BAŞLIK
Başlık Cumhuriyet Halk Partisi yayınları
Bir İşin Parçası / Bölümün İsmi Raporlar
500 ## - GENEL NOT
Genel Not Dış kapakta başka yapıt adı : "CHP'de enerji var!"
610 ## - KONU KATMA GİRİŞ - TOPLANTI ADI
Giriş Elemanı Olarak Kurumsal Ad Veya Yargı Alanı Adı CHP
Genel Alt Bölüm Enerji politikaları
610 ## - KONU KATMA GİRİŞ - TOPLANTI ADI
Giriş Elemanı Olarak Kurumsal Ad Veya Yargı Alanı Adı CHP
Genel Alt Bölüm Programlar
Kronolojik Alt Bölüm Enerji
610 ## - KONU KATMA GİRİŞ - TOPLANTI ADI
Giriş Elemanı Olarak Kurumsal Ad Veya Yargı Alanı Adı CHP
Alt Birim Enerji Komisyonu
Genel Alt Bölüm Raporlar
650 ## - KONU KATMA GİRİŞ - TOPİKAL DÖNEM
Topikal Süreli Veya Coğrafi Ad Giriş Elemanı Enerji
Coğrafi Alt Bölümü Türkiye
830 ## - SERİSİ EKLENDİ GİRİŞ - ÜNİFORM ADI
Üniforma Başlık CHP raporları
942 ## - EKLENDİ GİRİŞ ELEMANLARI (KOHA)
Sınıflandırma Veya Raf Düzeni Kaynak
Koha Öğesi Türü Books
999 ## - SİSTEM KONTROL NUMARALARI (KOHA)
Koha Biblionumber 7801
Koha Biblioitemnumber 7801
657 ## - INDEX SÜRE - İŞLEVİ
-- CHP enerji programı
657 ## - INDEX SÜRE - İŞLEVİ
-- CHP enerji politikası
Holdings
Kalıcı Konum Mevcut Konum Edinme Tarihi Edinim Kaynak Toplam Check-Out'Lar Tam Çağrı Numarası Barkod Tarih Son Görülme İtibaren Geçerli Fiyatlar Koha Öğesi Türü Sigara Kamu Notu
CHP Kütüphanesi CHP Kütüphanesi 01/27/2017 Bağış   CHP 333.79 C36c 2014 013083 01/27/2017 01/27/2017 Books  
CHP Kütüphanesi CHP Kütüphanesi 11/29/2018 Bağış   CHP 333.79 C36c 2014 018197 11/29/2018 11/29/2018 Books Bağışlayan: Ertuğrul Çepni